<?xml version="1.0" encoding="UTF-8"?>
<record
    xmlns:xsi="http://www.w3.org/2001/XMLSchema-instance"
    xsi:schemaLocation="http://www.loc.gov/MARC21/slim http://www.loc.gov/standards/marcxml/schema/MARC21slim.xsd"
    xmlns="http://www.loc.gov/MARC21/slim">

  <leader>03212nam a2200589Ia 4500</leader>
  <controlfield tag="001">5647</controlfield>
  <controlfield tag="008">241029s9999    xx            000 0 und d</controlfield>
  <datafield tag="010" ind1=" " ind2=" ">
    <subfield code="a">5301</subfield>
  </datafield>
  <datafield tag="041" ind1=" " ind2=" ">
    <subfield code="a">Espa&#xF1;ol</subfield>
  </datafield>
  <datafield tag="082" ind1=" " ind2=" ">
    <subfield code="a">N/A</subfield>
  </datafield>
  <datafield tag="245" ind1=" " ind2="0">
    <subfield code="a">Nivel De Integraci&#xF3;n De La Familias En La Gesti&#xF3;n Para La Mejora De La Disciplina En El Centro Educativo Anacleto Escol&#xE1;stico D&#xED;az, Distrito Educativo 14-02 Cabrera, 2015-2016.</subfield>
  </datafield>
  <datafield tag="260" ind1=" " ind2=" ">
    <subfield code="a">Mar&#xED;a Trinidad S&#xE1;nchez</subfield>
  </datafield>
  <datafield tag="300" ind1=" " ind2=" ">
    <subfield code="a">127</subfield>
  </datafield>
  <datafield tag="520" ind1=" " ind2=" ">
    <subfield code="a">26</subfield>
  </datafield>
  <datafield tag="630" ind1=" " ind2=" ">
    <subfield code="a">Calidad</subfield>
  </datafield>
  <datafield tag="630" ind1=" " ind2=" ">
    <subfield code="a">Disciplina Escolar</subfield>
  </datafield>
  <datafield tag="630" ind1=" " ind2=" ">
    <subfield code="a">Gesti&#xF3;n</subfield>
  </datafield>
  <datafield tag="630" ind1=" " ind2=" ">
    <subfield code="a">Gesti&#xF3;n Escolar</subfield>
  </datafield>
  <datafield tag="630" ind1=" " ind2=" ">
    <subfield code="a">Integraci&#xF3;n Familiar</subfield>
  </datafield>
  <datafield tag="650" ind1=" " ind2=" ">
    <subfield code="a">Gesti&#xF3;n Educativa</subfield>
  </datafield>
  <datafield tag="690" ind1=" " ind2=" ">
    <subfield code="a">Elaborado</subfield>
  </datafield>
  <datafield tag="700" ind1=" " ind2=" ">
    <subfield code="e">asesor</subfield>
    <subfield code="a">Escol&#xE1;stico, Apolinar</subfield>
  </datafield>
  <datafield tag="700" ind1=" " ind2=" ">
    <subfield code="e">autor</subfield>
    <subfield code="a">Pe&#xF1;a Jimini&#xE1;n, Guillermo</subfield>
  </datafield>
  <datafield tag="700" ind1=" " ind2=" ">
    <subfield code="e">autor</subfield>
    <subfield code="a">Vilorio, Mois&#xE9;s Tom&#xE1;s</subfield>
  </datafield>
  <datafield tag="700" ind1=" " ind2=" ">
    <subfield code="e">autor</subfield>
    <subfield code="a">Fern&#xE1;ndez Pe&#xF1;a, Emiliano</subfield>
  </datafield>
  <datafield tag="901" ind1=" " ind2=" ">
    <subfield code="a">{"1":"Pe&#xF1;a Jimini&#xE1;n","2":"Vilorio","3":"Fern&#xE1;ndez Pe&#xF1;a"}</subfield>
    <subfield code="b">{"1":"Guillermo","2":"Mois&#xE9;s Tom&#xE1;s","3":"Emiliano"}</subfield>
  </datafield>
  <datafield tag="902" ind1=" " ind2=" ">
    <subfield code="a">1</subfield>
  </datafield>
  <datafield tag="903" ind1=" " ind2=" ">
    <subfield code="a">{"1":"Escol&#xE1;stico"}</subfield>
    <subfield code="b">{"1":"Apolinar"}</subfield>
  </datafield>
  <datafield tag="904" ind1=" " ind2=" ">
    <subfield code="a">Maestr&#xED;a en</subfield>
  </datafield>
  <datafield tag="905" ind1=" " ind2=" ">
    <subfield code="a">Gesti&#xF3;n de Centros Educativos</subfield>
  </datafield>
  <datafield tag="906" ind1=" " ind2=" ">
    <subfield code="a">2</subfield>
  </datafield>
  <datafield tag="907" ind1=" " ind2=" ">
    <subfield code="a">NO APLICA</subfield>
  </datafield>
  <datafield tag="908" ind1=" " ind2=" ">
    <subfield code="a">NO APLICA</subfield>
  </datafield>
  <datafield tag="909" ind1=" " ind2=" ">
    <subfield code="a">Universidad Abierta para Adultos, Cibao Oriental (Nagua)</subfield>
  </datafield>
  <datafield tag="910" ind1=" " ind2=" ">
    <subfield code="a">NULL</subfield>
    <subfield code="b">NULL</subfield>
  </datafield>
  <datafield tag="911" ind1=" " ind2=" ">
    <subfield code="a">["1"]</subfield>
  </datafield>
  <datafield tag="912" ind1=" " ind2=" ">
    <subfield code="a">NO APLICA</subfield>
  </datafield>
  <datafield tag="913" ind1=" " ind2=" ">
    <subfield code="a">NULL</subfield>
  </datafield>
  <datafield tag="914" ind1=" " ind2=" ">
    <subfield code="a">03 de Octubre de 2016</subfield>
  </datafield>
  <datafield tag="915" ind1=" " ind2=" ">
    <subfield code="a">19/03/17 04:03</subfield>
  </datafield>
  <datafield tag="916" ind1=" " ind2=" ">
    <subfield code="a">NULL</subfield>
  </datafield>
  <datafield tag="917" ind1=" " ind2=" ">
    <subfield code="a">NULL</subfield>
  </datafield>
  <datafield tag="918" ind1=" " ind2=" ">
    <subfield code="a">NO APLICA</subfield>
  </datafield>
  <datafield tag="919" ind1=" " ind2=" ">
    <subfield code="a">["28","67","111","201","123"]</subfield>
  </datafield>
  <datafield tag="520" ind1=" " ind2=" ">
    <subfield code="a">El objetivo de la investigaci&#xF3;n fue determinar el nivel de integraci&#xF3;n de las familias en la gesti&#xF3;n para la mejora de la disciplina en el Centro Educativo Anacleto Escol&#xE1;stico D&#xED;az del Distrito Educativo 14-02 de Cabrera en el periodo escolar 2015-2016.El estudio se fundamenta en tres caracter&#xED;sticas principales: su enfoque cuantitativo, de naturaleza descriptiva y de campo. Por su lado, la poblaci&#xF3;n estuvo constituida por 418 estudiantes, 22 docentes y 5 miembro del equipo de gesti&#xF3;n, as&#xED; como de 222 familias. La muestra que seleccionada estuvo constituida por la totalidad de los directivos (5), y de los docentes (22), 132 estudiantes,de los grados de 5to a 8vo, por conveniencia&#xA0;Entre las principales conclusiones se tiene:El centro no exhibe un adecuado nivel de integraci&#xF3;n de las familias a los procesos &#xE1;ulicos, lo que est&#xE1; asociado a la d&#xE9;bil implementaci&#xF3;n de estrategias efectivas que deben ser puestas en ejecuci&#xF3;n por la gesti&#xF3;n escolar y los docentes; por otro lado, que las familias han delegado casi toda la responsabilidad educativa a la escuela, constituyendo esto cierto distanciamiento con el quehacer educativo y la formaci&#xF3;n integral de los pupilos.&#xA0;Se &#xA0;recomienda:Crear espacios de reflexi&#xF3;n con los actores de la comunidad educativa sobre la asunci&#xF3;n y cumplimiento de las normas de convivencia escolar.A los docentes, asumir con responsabilidad la disciplina en los momentos de recesos y las actividades patrias, l&#xFA;dicas y de otra &#xED;ndole.</subfield>
  </datafield>
  <datafield tag="921" ind1=" " ind2=" ">
    <subfield code="a">28</subfield>
  </datafield>
  <datafield tag="922" ind1=" " ind2=" ">
    <subfield code="a">28</subfield>
  </datafield>
  <datafield tag="923" ind1=" " ind2=" ">
    <subfield code="a">0</subfield>
  </datafield>
  <datafield tag="924" ind1=" " ind2=" ">
    <subfield code="a">NO APLICA</subfield>
  </datafield>
  <datafield tag="942" ind1=" " ind2=" ">
    <subfield code="c">Tesis</subfield>
  </datafield>
  <datafield tag="999" ind1=" " ind2=" ">
    <subfield code="c">5301</subfield>
    <subfield code="d">5301</subfield>
  </datafield>
</record>
